1763 1383 1855 1119 1082 1972 1029 1912 1873 1889 1189 1192 1921 1002 1619 1713 1990 1666 1521 1265 1313 1108 1820 1194 1545 1569 1873 1284 1990 1848 1161 1990 1658 1995 1440 1782 1497 1096 1911 1008 1374 1189 1338 1040 1760 1937 1450 1071 1582 1285 1325 1776 1958 1139 1161 1324 1726 1783 1987 1392 1711 1667 1255 1268 1804 1859 1621 1951 1505 1446 1237 1202 1283 1026 1807 1016 1748 1679 1421 1840 1500 1353 1331 1698 1394 1503 1914 1595 1690 1466 1040 1014 1165 1792 1640 1812 1328 1260 1469 BCNSPRNW ULIB Ver.6.0+V

เปลี่ยนเป็นภาษาไทย

Change to English
 แสดงรายละเอียดบรรณานุกรม
  กลับหน้าหลัก

Brief Record : Get Marc (ISO 2709) : E-mail record : QR code < ปิดหน้าต่าง
LEADER : 00000nam 2200000uu 4500
001    13399112934
003     ULIB
008    110919s2552||||th 000 0 tha d
020    9786119015302
090    นว.^bส174ร 2552
100 0  สเตเฟนี่ เมเยอร์
245 00 รุ่งอรุโณทัย เล่ม 1/^cอาทิตยา แปล
250    พิมพ์ครั้งที่ 5
260    กรุงเทพฯ :^bปราชญ์เปรียว,^c2552
300    384 หน้า
945    ^p280^l0^i16299
995    กัณชพร
999     ^aใช้งานได้ทุกระบบ
รายการนี้ยังไม่มีแท็ก
คุณยังไม่ได้ล็อกอิน คุณสามารถมีกิจกรรมร่วมกับเว็บไซต์ได้ แต่ต้องล็อกอินก่อน ::
  ล็อกอิน

รายการสื่อสารสนเทศ

ลำดับที่ ประเภท เลขเรียก/บาร์โค้ด สถานที่ สถานะ
1. วิทยาศาสตร์การแพทย์ และสุขภาพ
วิทยาศาสตร์การแพทย์ และสุขภาพ
นว. ส174ร 2552  
  Barcode: 16299
ห้องสมุดวิทยาเขตสวรรค์ประชารักษ์
►นวนิยาย
บนชั้น
  ขอยืม

รายการใกล้เคียง
    ผู้แต่ง [สเตเฟนี่ เมเยอร์]

BibComment


ยังไม่เคยถูกคอมเมนท์

คอมเมนท์ทรัพยากรรายการนี้
  คอมเมนท์: รุ่งอรุโณทัย เล่ม..


 Copyright 2026. Bcnsprnw @Library